| 000 | 00505nam a22001457a 4500 | ||
|---|---|---|---|
| 005 | 20180827144530.0 | ||
| 020 |
_a8120317661 _c425.00 |
||
| 035 | _aB-41448, B-041450,B-041450 | ||
| 037 |
_aDPL _bENG |
||
| 100 | _aPervokich, Dave | ||
| 245 |
_aMicrosoft MCSE readiness review : _bExam 70-098 implementing and supporting microsoft windows 98 / _cby Dave Perkovich |
||
| 260 |
_aNew Delhi _bPrentice-Hall of India _c1999 |
||
| 300 |
_axviii, 322p. _c22 cms. |
||
| 942 |
_2ddc _cEN _h005.43 _mPER |
||
| 999 |
_c62405 _d62405 |
||